|
|
|
|
| LEADER |
00000cam a2200000 a 4500 |
| 001 |
vtls001058673 |
| 003 |
SK-MaSNL |
| 005 |
20260331203155.0 |
| 008 |
160405s1995 xo r 00000 hun |
| 015 |
|
|
|a SNBA1995/0802280
|
| 020 |
|
|
|a 8085185075
|c (200 výt.)
|
| 035 |
|
|
|a SNK000001490
|
| 040 |
|
|
|a SNK
|b slo
|c SNK
|e AACR2
|
| 041 |
0 |
|
|a hun
|
| 044 |
|
|
|a xo
|c SK
|
| 080 |
|
|
|a 809.451.1:371.27(035)
|2 1981
|
| 080 |
|
|
|a 894.511:371.27(035)
|2 1981
|
| 080 |
|
|
|a 371.27(035)
|2 1981
|
| 100 |
1 |
|
|a Csicsay, Károly,
|d 1963-
|4 zos
|9 108901
|
| 245 |
1 |
0 |
|a Magyar nyelv és irodalom
|b Középiskolai felvételi feladatok
|c [zostavil a text autorsky doplnil: Csicsay Károly]
|
| 246 |
1 |
0 |
|a Maďarský jazyk a literatúra
|
| 260 |
|
|
|a Bratislava
|b Metodické centrum
|c 1995
|
| 300 |
|
|
|a 33 s.
|c 21 cm
|
| 500 |
|
|
|a Súbež. názov a tir. slov.
|
| 650 |
0 |
7 |
|a maďarčina
|2 SNKPH
|9 1492
|
| 650 |
0 |
7 |
|a maďarská literatúra
|2 SNKPH
|9 1193
|
| 650 |
0 |
7 |
|a stredné školy
|2 SNKPH
|9 1279
|
| 650 |
0 |
7 |
|a prijímacie skúšky
|2 SNKPH
|9 1229
|
| 655 |
|
7 |
|a učebnice
|2 SNKPH
|9 22521
|
| 655 |
|
7 |
|a brožúry
|2 SNKPH
|9 70146
|
| 919 |
|
|
|a 80-85185-07-5
|
| 958 |
|
|
|a TL
|
| 958 |
|
|
|a BQ
|
| 958 |
|
|
|a UC
|
| 958 |
|
|
|a HU
|
| 999 |
|
|
|c 790100
|d 792030
|
| 952 |
|
|
|t P60, <09>, [BOOK], {629}
|a SNK
|b SNK
|y NEVYP
|7 0
|o snkC 1270
|i snk2497/950804
|0 0
|1 0
|4 0
|d 1995-08-01
|l 0
|r 2004-12-31 00:00:00
|w 2026-02-24
|
| 952 |
|
|
|t P60, <03>, [BOOK], {603}
|a SNK
|b SNK
|y PREZ
|7 0
|o snkSC 88718
|i snkKSP 6678/95
|0 0
|1 0
|4 0
|d 1995-08-01
|l 0
|r 2004-12-31 00:00:00
|w 2026-02-24
|
| 952 |
|
|
|t P60, <04>, [BOOK], {604}
|a SNK
|b SNK
|y VYP
|7 0
|p 17A0079356
|o snkSC 88718 D1
|i snkKSP 6679/95
|0 0
|1 0
|4 0
|d 1995-08-01
|l 0
|r 2004-12-31 00:00:00
|w 2026-02-24
|
| 952 |
|
|
|a SNK
|b SNK
|y PREZ
|7 0
|p 17A1013456
|o snkSC 88718
|0 0
|1 0
|4 0
|d 2012-08-20
|f 1
|l 0
|r 2025-09-08 00:00:00
|w 2026-02-24
|